Sports Quiz

Random Sports or MLB Quiz
Score 0/30 Timer 05:00
4 Plays Today
% Correct
Chicago White Sox
98.9%
Detroit Tigers
97.8%
St. Louis Cardinals
97.1%
Chicago Cubs
96.1%
Toronto Blue Jays
95.1%
Pittsburgh Pirates
94.7%
Cleveland Indians
92.8%
Colorado Rockies
91.5%
Los Angeles Angels
89.4%
Baltimore Orioles
87.3%
Miami Marlins
86.9%
Kansas City Royals
86.7%
Boston Red Sox
85.9%
San Francisco Giants
85.4%
Arizona Diamondbacks
84.4%
% Correct
Texas Rangers
81.2%
Tampa Bay Rays
80.5%
Cincinnati Reds
76.1%
Minnesota Twins
75.7%
Atlanta Braves
64.7%
New York Yankees
63.5%
Washington Nationals
63.3%
Milwaukee Brewers
62.7%
San Diego Padres
60.1%
Houston Astros
56.6%
Oakland Athletics
52%
New York Mets
42.1%
Seattle Mariners
41.6%
Los Angeles Dodgers
40.3%
Philadelphia Phillies
38.8%
Remove Ads.
Support Sporcle.
Get the best of Sporcle when you Go Orange. This ad-free experience offers more features, more stats, and more fun while also helping to support Sporcle. Thank you for becoming a member.

You're not logged in!

Compare scores with friends on all Sporcle quizzes.
OR
Log In

Sporcle TV

Today on Sporcle TV


Watch our educational content, quiz creation guides, and fun videos on Sporcle TV.

Show Comments

Extras

Top Quizzes Today


Score Distribution

Paid Content

Your Account Isn't Verified!

In order to create a playlist on Sporcle, you need to verify the email address you used during registration. Go to your Sporcle Settings to finish the process.

Report this User

Report this user for behavior that violates our Community Guidelines.

Details: